Sports Quiz

Random Sports or WWE Quiz

WWE Royal Rumble Champions Quiz Stats

Quiz not verified by Sporcle

Challenge
Share
Tweet
Embed
Score 0/14 Timer 04:00
1 Play Today
Royal Rumble Year Superstar % Correct
2008John Cena
94.1%
1999, 2002Triple H
92.2%
2005, 2007, 2010Edge
86.9%
2013Randy Orton
86.3%
2003Brock Lesnar
82.4%
1993Yokozuna
79.7%
2011CM Punk
79.7%
Royal Rumble Year Superstar % Correct
2009The Undertaker
78.4%
1994Diesel
74.5%
2002, 2005Kurt Angle
72.5%
2011Daniel Bryan
67.3%
1998Mankind
66.7%
2010The Miz
62.7%
2006Bobby Lashley
31.4%

You're not logged in!

Compare scores with friends on all Sporcle quizzes.
Join for Free
OR
Log In

You Might Also Like...

Show Comments

Extras

Top Quizzes Today


Score Distribution

Your Account Isn't Verified!

In order to create a playlist on Sporcle, you need to verify the email address you used during registration. Go to your Sporcle Settings to finish the process.

Report this User

Report this user for behavior that violates our Community Guidelines.

Details: